J2ee 1.4 Bible (Record no. 1657)

MARC details
000 -LEADER
Fixed length control field 00490nam a2200181 4500
003 - CONTROL NUMBER IDENTIFIER
Control field SEACOMEC
005 - DATE AND TIME OF LATEST TRANSACTION
Control field 20240829115835.0
008 - FIXED-LENGTH DATA ELEMENTS--GENERAL INFORMATION
Fixed length control field 240829b |||||||| |||| 00| 0 eng d
020 ## - INTERNATIONAL STANDARD BOOK NUMBER / ISBN
International Standard Book Number 9788126504534
Price 499.00
040 ## - CATALOGING SOURCE
Original cataloging agency SEACOMEC
082 ## - DEWEY DECIMAL CLASSIFICATION NUMBER
Classification number 005.13352
Book Number J11
100 ## - MAIN ENTRY--PERSONAL NAME
Personal name Mcgovern, Jame , et.al
245 ## - TITLE STATEMENT
Title J2ee 1.4 Bible
Statement of responsibility James Mcgovern et.al
260 ## - IMPRINT
Place of publication New Delhi
Name of publisher John Wiley & Sons,
Date of publication 2006
300 ## - PHYSICAL DESCRIPTION
Page / Vol. No 976 p
650 ## - SUBJECT ADDED ENTRY--TOPICAL TERM
Topical term Computer program language - Java
942 ## - ADDED ENTRY ELEMENTS (KOHA)
Koha item type Books
Holdings
Withdrawn status Lost status Source of classification Damaged status Not for loan Home library Current library Date acquired Total Checkouts Call number Accession number Date last seen Price effective from Koha item type Copy number
    Dewey Decimal Classification     SEACOM ENGINEERING COLLEGE SEACOM ENGINEERING COLLEGE 29/08/2024   005.13352 J11 6939 29/08/2024 29/08/2024 Books  
    Dewey Decimal Classification     SEACOM ENGINEERING COLLEGE SEACOM ENGINEERING COLLEGE 29/08/2024   005.13352 J11 6940 29/08/2024 29/08/2024 Books 1
    Dewey Decimal Classification     SEACOM ENGINEERING COLLEGE SEACOM ENGINEERING COLLEGE 29/08/2024   005.13352 J11 6941 29/08/2024 29/08/2024 Books 2
    Dewey Decimal Classification     SEACOM ENGINEERING COLLEGE SEACOM ENGINEERING COLLEGE 29/08/2024   005.13352 J11 6942 29/08/2024 29/08/2024 Books 3
    Dewey Decimal Classification     SEACOM ENGINEERING COLLEGE SEACOM ENGINEERING COLLEGE 29/08/2024   005.13352 J11 6943 29/08/2024 29/08/2024 Books 4
© Seacom Engineering College, All rights reserved.      Powered by Koha